000 00376nam a2200133Ia 4500
005 20260328104256.0
008 260328s9999||||xx |||||||||||||| ||und||
100 _aRovira, Beatriz
245 0 _aCanto Rodado :
_b Revista Especializada En Temas De Patrimonio /
_cBeatriz Rovira
260 _bPatronato de Panamá Viejo
300 _a205 p.
650 _aPANAMÁ
942 _cBK
999 _c10437
_d10437